000 00914nam a2200253Ia 4500
003 OSt
005 20221005112159.0
006 a|||||r|||| 00| 0
007 ta
008 221004b |||||||| |||| 00| 0 pan d
020 _a9788193872208 (hbk)
_cINR 200.00
024 _a45002
037 _bSP/6266, 11/02/2019, Star Publications Pvt. Ltd.
_cTextual
040 _aCRL
_cCRL
_bpan
041 _2pan
_apan
082 _aQ8441:21:g, 153Q8
100 _aਸਿੰਘ, ਰੂਪ, ਥਦ.
245 0 _aਨਿਰਭਉ ਨਿਰੰਕਾਰ
260 _aਅੰਮ੍ਰਿਤਸਰ
_bਧਰਮ ਪ੍ਰਚਾਰ ਕਮੇਟੀ ਭਾਰਤ
_c2018
300 _a478ਪ੍ਰ0
_ccm.
650 _aਸਿੱਖ ਧਰਮ
_9156314
942 _hQ8441:21:g, 153Q8
_cTEXL
_2cc
999 _c1024094
_d1024094